Sürgősen gondoskodni kell a cipőrendelet végrehajtásáról
Elmentve itt :
| Dokumentumtípus: | Cikk |
|---|---|
| Megjelent: |
1918-05-08
|
| Sorozat: | Délmagyarország
7 No. 105 |
| Kulcsszavak: | Cipőellátás Szeged rendelet 1918 |
| Online Access: | http://dmarchiv.bibl.u-szeged.hu/44041 |
| LEADER | 00453nab a2200145 i 4500 | ||
|---|---|---|---|
| 001 | delm44041 | ||
| 005 | 20180927131941.0 | ||
| 008 | 180927s1918 hu o 0|| hun d | ||
| 040 | |a SZTE Délmagyarország Archívum |b hun | ||
| 041 | |a hun | ||
| 245 | 0 | 0 | |a Sürgősen gondoskodni kell a cipőrendelet végrehajtásáról |h [elektronikus dokumentum] |
| 260 | |c 1918-05-08 | ||
| 300 | |a 3 | ||
| 490 | 0 | |a Délmagyarország |v 7 No. 105 | |
| 695 | |a Cipőellátás Szeged rendelet 1918 | ||